The state and prospects of European energy research

Detalles Bibliográficos
Formato: Desconocido
Lenguaje:inglés
Publicado: Luxembourg : Office for Official Publications of the European Communities, 2006
Materias:
Acceso en línea:Acceso restringido

MARC

LEADER 00000ny a22000003n 4500
005 20110617133754.0
008 060428s2006 lu b i000 0 eng d
020 |a 9789279026911 
035 |a 4600 
040 |a BUS  |d vLex 
090 |c 824  |d 824 
245 0 4 |a The state and prospects of European energy research  |h [Recurso electrn̤ico] 
256 |a Servicio en ln̕ea 
260 |a Luxembourg :  |b Office for Official Publications of the European Communities,  |c 2006 
300 |a p. ;  |c cm 
506 1 |a Contenido solo disponible en los productos indicados  |d vLex Global  |d vLex Global (Academic Edition, excluding Law Schools)  |d vLex Global (U.S. Academic Edition, Law Schools)  |d vLex Global (U.S. Academic Edition, excluding Law Schools)  |d vLex Global (Academic Edition, Law Schools) 
650 0 4 |a Energa̕  |z Pas̕es de la Unin̤ Europea 
740 0 |a vLex Libros (Servicios en ln̕ea) 
856 4 0 |u http://vlex.com/source/4600  |z Acceso restringido 
942 |c BOOK 
999 0 |a Energy  |b Luxembourg